| 000 | 00422nam a2200157Ia 4500 | ||
|---|---|---|---|
| 008 | 220216s9999 xx 000 0 und d | ||
| 100 | _aClaes Michael | ||
| 245 | 0 | _aLatest developments in carbon nanotubes based nanocomposites | |
| 260 |
_bRubber World _c2009 |
||
| 300 | _a28-34 | ||
| 650 | _aCarbon nanotube(CNT) | ||
| 650 | _aNanocomposites | ||
| 700 | _aDupin Geraldine | ||
| 700 | _aLuizi Frederic | ||
| 942 | _cJS | ||
| 999 |
_c61965 _d61965 |
||